<?xml version="1.0" encoding="UTF-8"?>
<record
    xmlns:xsi="http://www.w3.org/2001/XMLSchema-instance"
    xsi:schemaLocation="http://www.loc.gov/MARC21/slim http://www.loc.gov/standards/marcxml/schema/MARC21slim.xsd"
    xmlns="http://www.loc.gov/MARC21/slim">

  <leader>01346nab a2200253 i 4500</leader>
  <controlfield tag="001">BPP</controlfield>
  <controlfield tag="003">BPK</controlfield>
  <controlfield tag="005">20140611121401.0</controlfield>
  <controlfield tag="008">140611s2011    pl     f     |000 0 pol</controlfield>
  <datafield tag="040" ind1=" " ind2=" ">
    <subfield code="c">BPK</subfield>
  </datafield>
  <datafield tag="041" ind1=" " ind2=" ">
    <subfield code="a">pol</subfield>
    <subfield code="b">eng</subfield>
  </datafield>
  <datafield tag="044" ind1=" " ind2=" ">
    <subfield code="a">POL</subfield>
  </datafield>
  <datafield tag="080" ind1=" " ind2=" ">
    <subfield code="a">620.197</subfield>
  </datafield>
  <datafield tag="080" ind1=" " ind2=" ">
    <subfield code="a">669.1</subfield>
  </datafield>
  <datafield tag="100" ind1=" " ind2=" ">
    <subfield code="a">PANCIELEJKO, Mieczys&#x142;aw.</subfield>
    <subfield code="d">1996 - .</subfield>
    <subfield code="b">Politechnika Koszali&#x144;ska - Instytut Mechatroniki, Nanotechnologii i Techniki Pr&#xF3;&#x17C;niowej,</subfield>
    <subfield code="c">Zak&#x142;ad Podstaw Nauki o Materia&#x142;ach i Ceramiki Technicznej</subfield>
  </datafield>
  <datafield tag="245" ind1=" " ind2=" ">
    <subfield code="a">Struktura i w&#x142;asno&#x15B;ci tribologiczne nanokrystalicznych pow&#x142;ok naniesionych na pod&#x142;o&#x17C;e ze stali X40CrMoV5-1 =</subfield>
    <subfield code="b">Structure and tribological properties of nanocrystalline coatings deposited on the X40CrMoV5-1 steel substrate /</subfield>
    <subfield code="c">Krzysztof Lukaszkowicz, Mieczys&#x142;aw Pancielejko.</subfield>
  </datafield>
  <datafield tag="260" ind1=" " ind2=" ">
    <subfield code="c">2011.</subfield>
  </datafield>
  <datafield tag="500" ind1=" " ind2=" ">
    <subfield code="a">Dane z autopsji.</subfield>
  </datafield>
  <datafield tag="520" ind1=" " ind2=" ">
    <subfield code="a">W pracy przedstawiono wyniki bada&#x144; struktury i w&#x142;asno&#x15B;ci tribologicznych nanokrystalicznych pow&#x142;ok AiCrSiN, AlTiCrN i CrN naniesionych metod&#x105; katodowego odparowania &#x142;ukiem elektrycznym z dodatkow&#x105; cienk&#x105; warstw&#x105; niskotarciow&#x105; DLC na pod&#x142;o&#x17C;u ze stali narz&#x119;dziowej do pracy na gor&#x105;co X40CrMoV5-1.</subfield>
  </datafield>
  <datafield tag="650" ind1=" " ind2="0">
    <subfield code="a">Pow&#x142;oki ochronne.</subfield>
  </datafield>
  <datafield tag="650" ind1=" " ind2="0">
    <subfield code="a">Trybologia.</subfield>
  </datafield>
  <datafield tag="773" ind1=" " ind2=" ">
    <subfield code="i">W :</subfield>
    <subfield code="t">In&#x17C;ynieria Materia&#x142;owa. -</subfield>
    <subfield code="g">R. 32, 2011, nr 4 (182), s. 537-540</subfield>
  </datafield>
  <datafield tag="942" ind1=" " ind2=" ">
    <subfield code="c">ART</subfield>
    <subfield code="2">UKD</subfield>
  </datafield>
  <datafield tag="999" ind1=" " ind2=" ">
    <subfield code="c">5060</subfield>
    <subfield code="d">5060</subfield>
  </datafield>
  <datafield tag="952" ind1=" " ind2=" ">
    <subfield code="0">0</subfield>
    <subfield code="1">0</subfield>
    <subfield code="4">0</subfield>
    <subfield code="7">0</subfield>
    <subfield code="a">BPK</subfield>
    <subfield code="b">BPK</subfield>
    <subfield code="o">01091</subfield>
    <subfield code="y">ART</subfield>
  </datafield>
</record>
